El jardín en la arquitectura del siglo XX: naturaleza artificial en la cultura moderna
Uloženo v:
| Hlavní autor: | |
|---|---|
| Médium: | Kniha |
| Jazyk: | španělština |
| Vydáno: |
Barcelona
Reverté
2007
|
| Edice: | Estudios Universitarios de Arquitectura, 14
|
| Témata: | |
| Tagy: |
Přidat tag
Žádné tagy, Buďte první, kdo vytvoří štítek k tomuto záznamu!
|
MARC
| LEADER | 00000nam a2200000 a 4500 | ||
|---|---|---|---|
| 001 | UCH5098 | ||
| 003 | CL-VaPUC | ||
| 008 | 090924e20070000SP |||||||||||||||||spa|d | ||
| 020 | |a 9788429121148 | ||
| 082 | 0 | 4 | |a 712.6 |b ALV |2 21 |
| 100 | 0 | |a Alvarez Alvarez, Darío |e author |9 541251 | |
| 245 | 1 | 3 | |a El jardín en la arquitectura del siglo XX: naturaleza artificial en la cultura moderna |
| 300 | |a 497 p | ||
| 942 | |c BK | ||
| 945 | |d 20090924 00:00:00 |a rbrito | ||
| 260 | |a Barcelona |b Reverté |c 2007 | ||
| 650 | 0 | |a Jardines |9 268264 | |
| 650 | 0 | |a Arquitectura paisajista |9 333492 | |
| 650 | 0 | |a Estética |9 264950 | |
| 650 | 0 | |a Diseño arquitectónico |9 265271 | |
| 650 | 0 | |a Arquitectura del paisaje |9 268210 | |
| 650 | 0 | |a Diseño de jardines |9 477456 | |
| 583 | |a last modification |c 20090924 00:00:00 |k Rodrigo Vera | ||
| 490 | 0 | |a Estudios Universitarios de Arquitectura, 14 | |
| 999 | |c 336301 |d 336299 | ||
| 952 | |0 0 |1 0 |4 0 |6 712_600000000000000_ALV_2007 |7 0 |8 A |9 427347 |a BIBARQ |b BIBARQ |d 2019-11-22 |i 4602331 |l 1 |o 712.6 ALV 2007 |p 4602331 |r 2025-01-20 |s 2022-08-29 |w 2019-11-22 |y BK |k ARQ | ||